01006nam a2200301 4500003000400000005001700004008004100021040001800062041000800080050001800088100003300106245007200139264003300211300004100244336002200285337002400307338002400331610004000355650003400395650003200429650004000461650003200501650004600533700004800579700004500627942001500672999001700687OSt20260530115303.0260508b2007 fr ||||| |||| 00| 0 eng d aICIbSPAcICI aENG aNK7112.C47 A41 aCatálogo Christofle93147810aChristoflecphotographies, Stéphane Garrigues, Thomas Dhellemmes. 1aFrance :bChristofle,c2007. a40 páginasbfotografías a color  atexto2rdacontent asin medio2rdamedia avolumen2rdacarrier aChristofle (Firma comercial)931479 aOrfebrería francesa.931480 aPlatería$zFrancia.931481 aArtes decorativas francesas.931482 aDiseño de objetos.931483 aFotografía artística francesa.931484 aGarrigues, Stéphane,efotógrafo.931485 aDhellemmes, Thomas,efotógrafo.931486 2lcccBKn1 c12940d12940